000 00280 a2200121 4500
001 63505
082 _a327.4701724 KOR
090 _c37519
_d37519
100 _aKorbonski, A
245 _aThe Soviet Union and the third world
260 _bPAF Book Club
300 _a318p
942 _aCAE NUST
_k327.4701724 KOR
999 _c298578
_d298578